000
00282nam a2200109Ia 4500
001
1276106
005
20260417160441.0
008
260417s9999 xx 000 0 und d
020
_a
9786255888457
245
0
_a
Yanlışlıkla Seçilen Kahraman
_c
Ömer Ünal
260
_b
Ketebe Genç
999
_c
1276106
_d
1276106